[Event "SVK-ch U16 rapid"]
[Site "Poprad"]
[Date "2025.05.03"]
[Round "2"]
[White "Bilik, Matej"]
[Black "Cerny, Filip"]
[Result "1-0"]
[WhiteElo "1730"]
[BlackElo "1827"]
[PlyCount "95"]
[EventDate "2025.05.03"]
[EventType "swiss (rapid)"]
[EventRounds "7"]
[EventCountry "SVK"]
[SourceTitle "CB19_2025"]
[SourceDate "2025.05.07"]
[SourceVersion "1"]
[SourceVersionDate "2025.05.07"]
[SourceQuality "1"]

1. e4 c6 2. d4 d5 3. Nc3 dxe4 4. Nxe4 Nf6 5. Nxf6+ exf6 6. c3 Bd6 7. Bd3 0-0 8. Ne2 Re8 9. 0-0 Bg4 10. Re1 Nd7 11. Qc2 Nf8 12. f3 Bh5 13. Bd2 Qc7 14. h3 c5 15. dxc5 Bxc5+ 16. Kh1 Rad8 17. Bf4 Qb6 18. Bg3 Bf2 19. Rf1 Bxg3 20. Nxg3 Qd6 21. Nxh5 Qxd3 22. Rac1 Re2 23. Qxd3 Rxd3 24. Nf4 Rdd2 25. Nxe2 Rxe2 26. Rb1 Ne6 27. Rfe1 Rc2 28. Kg1 g6 29. Kf1 Nf4 30. g3 Nxh3 31. Re2 Rxe2 32. Kxe2 Kf8 33. f4 g5 34. Rh1 g4 35. Rd1 Ke7 36. Kf1 h5 37. Kg2 h4 38. c4 f5 39. Rd5 Ke6 40. Rd8 hxg3 41. Kxg3 Ng1 42. Kg2 Nf3 43. Rb8 b6 44. Rb7 Nd2 45. b3 Nb1 46. Rxa7 Nc3 47. Ra6 Nxa2 48. Rxa2 1-0

[Event "SVK-ch U16 rapid"]
[Site "Poprad"]
[Date "2025.05.03"]
[Round "1"]
[White "Cerny, Filip"]
[Black "Sevcik, Ondrej"]
[Result "1-0"]
[WhiteElo "1827"]
[BlackElo "1528"]
[PlyCount "61"]
[EventDate "2025.05.03"]
[EventType "swiss (rapid)"]
[EventRounds "7"]
[EventCountry "SVK"]
[SourceTitle "CB19_2025"]
[SourceDate "2025.05.07"]
[SourceVersion "1"]
[SourceVersionDate "2025.05.07"]
[SourceQuality "1"]

1. c4 e5 2. Nc3 Nf6 3. g3 Nc6 4. Bg2 Bb4 5. e3 0-0 6. Nge2 d6 7. d3 Re8 8. e4 Bg4 9. f3 Bh5 10. Be3 h6 11. 0-0 Nd7 12. a3 Ba5 13. Qd2 Bb6 14. Bxb6 axb6 15. f4 Nd4 16. Nxd4 exd4 17. Ne2 c5 18. Bf3 Bg6 19. Rf2 Qf6 20. Raf1 Bh7 21. Bg4 Qd8 22. Bxd7 Qxd7 23. f5 f6 24. Nf4 Kh8 25. Nd5 Qc6 26. Rf4 Bg8 27. Nxf6 gxf6 28. Rg4 Qd7 29. Qxh6+ Qh7 30. Qxf6+ Qg7 31. Qxg7# 1-0

[Event "SVK-ch U16 rapid"]
[Site "Poprad"]
[Date "2025.05.03"]
[Round "3"]
[White "Paluch, Andrej"]
[Black "Cerny, Filip"]
[Result "1-0"]
[WhiteElo "1438"]
[BlackElo "1827"]
[PlyCount "53"]
[EventDate "2025.05.03"]
[EventType "swiss (rapid)"]
[EventRounds "7"]
[EventCountry "SVK"]
[SourceTitle "CB19_2025"]
[SourceDate "2025.05.07"]
[SourceVersion "1"]
[SourceVersionDate "2025.05.07"]
[SourceQuality "1"]

1. Nf3 Nf6 2. g3 d5 3. Bg2 Bf5 4. 0-0 e6 5. d4 Nbd7 6. Nbd2 Be7 7. c4 c6 8. e3 0-0 9. b3 Re8 10. Bb2 Ne4 11. Rc1 Ndf6 12. h3 c5 13. Nh4 Nxd2 14. Qxd2 Ne4 15. Bxe4 Bxe4 16. f3 Bxh4 17. fxe4 Qg5 18. Rf3 dxe4 19. Rf2 cxd4 20. Qxd4 f5 21. Kf1 e5 22. Qd5+ Kh8 23. Bxe5 Rad8 24. Bf4 Qg6 25. Qxb7 Bf6 26. c5 Qh5 27. Qa6 1-0

[Event "Wch U14 blitz"]
[Site "Terme Catez"]
[Date "2024.12.16"]
[Round "2"]
[White "Cerny, Filip"]
[Black "Sava, Robert Gabriel"]
[Result "0-1"]
[WhiteElo "1739"]
[BlackElo "2269"]
[PlyCount "62"]
[EventDate "2024.12.16"]
[EventType "swiss (blitz)"]
[EventRounds "22"]
[EventCountry "SLO"]
[SourceTitle "CB51_2024"]
[SourceDate "2024.12.18"]
[SourceVersion "1"]
[SourceVersionDate "2024.12.18"]
[SourceQuality "1"]

1. c4 e6 2. d4 Nf6 3. Nc3 Bb4 4. a3 Bxc3+ 5. bxc3 0-0 6. Nf3 b6 7. Bg5 Bb7 8. e3 h6 9. Bh4 d6 10. Be2 Qe7 11. 0-0 c5 12. a4 Nc6 13. d5 Na5 14. e4 e5 15. Bxf6 Qxf6 16. Rb1 Ba6 17. Nd2 Qe7 18. Qc2 Bc8 19. Nb3 Nxb3 20. Qxb3 Bd7 21. Qa3 f5 22. a5 fxe4 23. axb6 axb6 24. Qc1 Ra2 25. Qe3 Qg5 26. Qxg5 hxg5 27. Rfe1 Rb8 28. Bh5 Kf8 29. Rxe4 Bf5 30. Ree1 Bxb1 31. Rxb1 Rba8 0-1

[Event "SVK-ch rapid"]
[Site "Modra"]
[Date "2024.10.05"]
[Round "8"]
[White "Cerny, Filip"]
[Black "Ondrusova, Miroslava"]
[Result "0-1"]
[WhiteElo "1766"]
[BlackElo "1900"]
[PlyCount "112"]
[EventDate "2024.10.05"]
[EventType "swiss (rapid)"]
[EventRounds "9"]
[EventCountry "SVK"]
[SourceTitle "EXT 2025"]
[Source "ChessBase"]
[SourceDate "2024.10.14"]
[SourceVersion "1"]
[SourceVersionDate "2024.10.14"]
[SourceQuality "1"]
[WhiteTeam "Slovakia"]
[BlackTeam "Slovakia"]
[WhiteTeamCountry "SVK"]
[BlackTeamCountry "SVK"]

1. c4 e5 2. Nc3 Nc6 3. Nf3 Nf6 4. g3 Be7 5. Bg2 0-0 6. 0-0 a6 7. d4 exd4 8. Nxd4 Nxd4 9. Qxd4 Re8 10. Re1 d6 11. h3 c6 12. e4 Be6 13. b3 Nd7 14. Ba3 Bf6 15. Qd2 Qa5 16. Bb2 Rad8 17. Rad1 Nc5 18. Kh2 b5 19. cxb5 cxb5 20. Nd5 Qxd2 21. Nxf6+ gxf6 22. Rxd2 f5 23. Bf6 Rc8 24. exf5 Bxf5 25. Rxe8+ Rxe8 26. Rxd6 Bb1 27. b4 Ne4 28. Bxe4 Bxe4 29. Rxa6 Re6 30. Rxe6 fxe6 31. g4 Kf7 32. g5 Bb1 33. a3 Kg6 34. Kg3 h5 35. Kf4 Bf5 36. h4 Bc2 37. Ke5 Bb3 38. Kd6 Kf5 39. Be5 Ba4 40. Bg3 Bb3 41. Ke7 e5 42. Kd6 e4 43. Kc5 Ba4 44. Kd4 Bb3 45. g6 Kxg6 46. Kxe4 Bc2+ 47. Ke5 Bd3 48. f4 Bc2 49. Bf2 Bd3 50. Bc5 Bc2 51. Be7 Bd3 52. Bg5 Bc2 53. Kd5 Kf5 54. Kc5 Ba4 55. Kd4 Bc2 56. Kc3 Ba4 0-1